2025 Military Strength Ranking - Statistics

General Stats
  • This quiz has been taken 225 times
  • The average score is 9 of 10
Answer Stats
Rank Answer % Correct
1st United States of America
100%
3rd China
99%
2nd Russia
99%
6th United Kingdom
97%
7th France
96%
4th India
96%
5th South Korea
94%
8th Japan
90%
10th Italy
80%
9th Turkey
78%
No matching quizzes found
Score Distribution
Percent of People with Each Score
Percentile by Number Answered
Your Score History
You have not taken this quiz